000 00706nam a2200205Ii 4500
003 JO-AjNU
008 230605s9999||||xx |||||||||||||| ||und||
017 _a1982/275
040 _aJO-AjNU
_bara
_erda
_cJO-AjNU
041 _aara
050 1 4 _aLB1438 1982
100 3 _aالنوري، خولة أحمد,
_eauthor
_936331
245 0 0 _aمشكلات العمل في رياض الأطفال من وجهة نظر المديرات والمعلمات
264 3 1 _aد.ن
300 _a132ص
336 _atext
_btxt
_2rdacontent
337 _aunmediated
_bn
_2rdamedia
338 _avolume
_bnc
_2rdacarrier
650 4 _aرياض الأطفال-تربية الأطفال-تعليم الأطفال
_936332
999 _aA15084
_c18652
_d18652